000
00378nam a2200133Ia 4500
008
191206s9999 xx 000 0 und d
020
_a
195701909
090
_a
HD31.D82
245
0
_a
Information management: an executive approach
260
_a
Oxford University Press
260
_c
c1980
300
_a
"x, 243 p. : ill. ; 23 cm."
999
_c
16227
_d
16227